| 000 | 01197nam a2200325 a 4500 | ||
|---|---|---|---|
| 001 | 24481 | ||
| 003 | Mx-PuUPA | ||
| 005 | 20250605143219.0 | ||
| 008 | 140415s1977 mx a 000 0 spa d | ||
| 040 |
_aMx-PuUPA _bspa _cMx-PuUPA _dMx-PuUPA _erda |
||
| 041 | 1 |
_aspa _heng |
|
| 100 | 1 |
_aPowell, Philip W., _eautor _910086 |
|
| 240 | 1 | 0 |
_aSoldiers, indians & silver. _lEspañol |
| 245 | 1 | 3 |
_aLa guerra chichimeca : _b(1550-1600) / _cPhilip W. Powell ; traducción de Juan José Utrilla |
| 250 | _aPrimera edición | ||
| 264 | 1 |
_aMéxico, D.F. : _bFondo de Cultura Económica, _c1977 |
|
| 300 |
_a308 páginas : _bilustraciones, _c21 cm |
||
| 336 |
_2rdacontent _atexto _btxt |
||
| 337 |
_2rdamedia _asin medio _bn |
||
| 338 |
_2rdacarrier _avolumen _bnc |
||
| 490 | 0 | _aSección de Obras de Historia. | |
| 650 | 7 |
_2armarc _aGuerras chichimecas, _y1550-1600 |
|
| 650 | 7 |
_2armarc _aColonización española _zMéxico _ySiglo XVI |
|
| 650 | 7 |
_2armarc _aIndígenas de México _xChichimecas _xHistoria |
|
| 700 | 1 | _aUtrilla, Juan José, | |
| 765 | 0 |
_aPowell, Philip W., _tSoldiers, indians & silver |
|
| 942 |
_2ddc _cLI _h972.023 _iP88 |
||
| 999 |
_c24481 _d24481 |
||